1828 1039 1335 1532 1654 1139 1526 1373 1451 1558 1898 1376 1230 1992 1469 1197 1376 1938 1882 1373 1737 1908 1519 1961 1249 1859 1794 1701 1338 1047 1159 1103 1482 1246 1511 1900 1132 1511 1087 1621 1990 1485 1713 1807 1880 1858 1099 1574 1002 1946 1441 1762 1654 1223 1745 1078 1323 1517 1751 1086 1178 1669 1905 1860 1064 1421 1652 1077 1456 1046 1144 1935 1690 1503 1777 1069 1533 1233 1982 1345 1899 1550 1950 1856 1928 1606 1028 1540 1993 1157 1632 1724 1966 1603 1049 1992 1715 1499 1169 BCNSPRNW ULIB Ver.6.0+V

เปลี่ยนเป็นภาษาไทย

Change to English
 แสดงรายละเอียดบรรณานุกรม
  กลับหน้าหลัก

Brief Record : Get Marc (ISO 2709) : E-mail record : QR code < ปิดหน้าต่าง
LEADER : 00000nam 2200000uu 4500
001    13399125146
003     ULIB
008    161020s2559||||th 000 0 tha d
099    ^aวจ.QZ200^bว132พ
100 1  ^aวงศ์สิริ แจ่มฟ้า
245 10 ^aพลังงานสุขภาพจิตของผู้ป่วยมะเร็งที่ได้รับการรักษาในโรงพยาบาลมะเร็งลพบุรี = Resilience in Cancer Patients at Lopburi Cancer Hospital /^cวงศ์สิริ แจ่มฟ้า, สุดกัญญา ปานเจริญ,ศิริรัตน์ จำปีเรือง
260    ^aนครสวรรค์ :^bวิทยาลัยพยาบาลยบรมราชชนนี สวรรค์ประชารักษ์ นครสวรรค์ สถาบันพระบรมราชชนก กระทรวงสาธารณสุข,^c2559
300    ^a2 หน้า ;^c29 ซม.
700 0  ^aสุดกัญญา ปานเจริญ
700 1  ^aศิริรัตน์ จำปีเรือง
945    ^p0^l0^i001390
995    ^aณรีรัตน์
999 ^a ใช้งานได้ทุกระบบ
รายการนี้ยังไม่มีแท็ก
คุณยังไม่ได้ล็อกอิน คุณสามารถมีกิจกรรมร่วมกับเว็บไซต์ได้ แต่ต้องล็อกอินก่อน ::
  ล็อกอิน

รายการสื่อสารสนเทศ

ลำดับที่ ประเภท เลขเรียก/บาร์โค้ด สถานที่ สถานะ
1. งานวิจัย
งานวิจัย
วจ.QZ200 ว132พ ฉ.1 
  Barcode: 001390
ห้องสมุดวิทยาเขตสวรรค์ประชารักษ์
►วิจัย
บนชั้น

รายการใกล้เคียง
    ผู้แต่ง [วงศ์สิริ แจ่มฟ้า]

BibComment


ยังไม่เคยถูกคอมเมนท์

คอมเมนท์ทรัพยากรรายการนี้
  คอมเมนท์: พลังงานสุขภาพจิต..


 Copyright 2026. Bcnsprnw @Library